| 000 | 00671nam a2200217 a 4500 | ||
|---|---|---|---|
| 005 | 20240924071225.0 | ||
| 008 | 080229s2006 mx r 000 0 spa d | ||
| 020 | _a9681680790 | ||
| 035 | _aUPN01000154642 | ||
| 049 | _aI | ||
| 050 | 4 |
_aPZ71 _bB7.72 |
|
| 100 | 1 |
_aBrowne, Anthony Edward Tudor, _d1946- _935823 |
|
| 245 | 1 | 0 |
_aRamón preocupón / _cAnthony Browne ; tr. Teresa Mlawer. |
| 260 |
_aMéxico : _bFCE, _c2006. |
||
| 300 |
_a[24] p. : _bil. col. |
||
| 440 | 4 | _aLos especiales de A la orilla del viento | |
| 534 |
_pTraducción de: _tSilly Billy |
||
| 650 | 4 |
_aCuentos infantiles ingleses _910002 |
|
| 650 | 4 |
_aLiteratura infantil _94445 |
|
| 905 | _aInfantil | ||
| 999 |
_c126759 _d126759 |
||